000 01239nam0a22003131 4500
001 v19\rc\1299857
005 20250618024235.0
035 _a(NLR Aleph) 004454371
090 _a4488306
_c4488306
100 _a20060306d1866 |||y0rusy50 ca
101 0 _arus
102 _aRU
105 _aa z |||||
200 1 _aПреждевременное истощение человека, зависящее от болезней половых органов и мочевых путей у мужчины и женщины
_eВ 5 ч.
_fСоч. Ем. Жозана, д-ра мед. Париж. фак...
210 _aМосква
_cтип. В. Готье
_d1866
215 _a[6], 660 с.
_cил.
_d20
300 _aС. 659-660 ошибочно помечены: 561-562
300 _aНа шмуцтит. загл.: Болезни мочеполовых органов
517 0 _aБолезни мочеполовых органов
700 1 _aЖозан
_bЭ.
_f1817-
_gЭмиль
790 1 _aЖозан
_bЕм.
_f1817-
801 0 _aRU
_bNLR
_gpsbo
801 0 _aRU
_bRuMoRGB
_2psbo
801 1 _aRU
_bProSoft-M
_2rusmarc
852 _aNLR
_j18.55.6.15
899 _aRuMoRGB
_jM 50/208
899 _aБАН
942 _cBOOK
980 _aNB